| 000 | 00542nam a22001937a 4500 | ||
|---|---|---|---|
| 999 |
_c2022 _d2022 |
||
| 003 | SLTCLib | ||
| 008 | 260605b ce ||||| |||| 00| 0 eng d | ||
| 020 | _a9781119901099 | ||
| 041 | _aEnglish | ||
| 080 |
_a004.92 _bROG |
||
| 100 |
_a Rogers, Yvonne _93569 |
||
| 245 |
_aInteraction Design _bbeyond human-computer interaction |
||
| 260 |
_aIndianapolis _b John Wiley and Sons, _c2023 |
||
| 300 | _a689p. | ||
| 650 | 0 |
_92891 _aComputer-aided design |
|
| 700 |
_93567 _a Sharp, Helen |
||
| 700 |
_93568 _aPreece, Jennifer |
||
| 942 |
_2ddc _cMRE |
||
| 945 |
_a3725 _bIshara wickramage _c3725 _dIshara wickramage |
||